| 000 | 00677nam a2200229 a 4500 | ||
|---|---|---|---|
| 001 | 000021438 | ||
| 005 | 20200930011328.0 | ||
| 008 | 100907s1990 sp r 000 | spa d | ||
| 020 | _a8472231550 | ||
| 040 |
_aDO-SdBNP _bspa _cBNPHU |
||
| 082 |
_a863.64 _bM971p |
||
| 100 | 1 |
_aMuñoz, José Luis _944729 |
|
| 245 | 1 | 0 |
_aPubis de vello rojo / _cJosé Luis Muñoz. |
| 260 |
_aBarcelona : _bTusquets, _c1990. |
||
| 300 |
_a240 p. ; _c20 cm. |
||
| 490 | 1 |
_aLa Sonrisa Vertical _v66 |
|
| 500 | _aIncluye lista de obras de la colección | ||
| 650 | 4 |
_aNovela española _91123 |
|
| 650 | 4 |
_aLiteratura española _9632 |
|
| 830 | 0 |
_aLa Sonrisa Vertical _v66 _919576 |
|
| 049 | _aBNGR | ||
| 999 |
_c20938 _d20938 |
||